[Event "Haarlem Nova College op 1st"]
[Site "Haarlem"]
[Date "2002.07.07"]
[Round "5"]
[White "Reedijk, Carolien"]
[Black "Mol, Robert"]
[Result "1-0"]
[WhiteElo "2097"]
[BlackElo "1923"]
[PlyCount "83"]
[EventDate "2002.07.05"]
[EventType "swiss"]
[EventRounds "6"]
[EventCountry "NED"]
[SourceTitle "CBM 089 Extra"]
[Source "ChessBase"]
[SourceDate "2002.09.10"]
[SourceVersion "2"]
[SourceVersionDate "2002.09.10"]
[SourceQuality "1"]

1. e4 d5 2. exd5 Qxd5 3. Nc3 Qa5 4. d4 Nf6 5. Bc4 Bf5 6. Nf3 Nc6 7. Bd2 Nb4 8. Rc1 e6 9. a3 Na6 10. Nd5 Qa4 11. Bxa6 Nxd5 12. Bxb7 Rb8 13. Bxd5 exd5 14. Qe2+ Be6 15. Ng5 Rb6 16. 0-0 Be7 17. Nxe6 Rxe6 18. Qd3 0-0 19. Rce1 Rxe1 20. Rxe1 Bf6 21. Bb4 Re8 22. Rxe8+ Qxe8 23. Kf1 g6 24. Bc5 a5 25. Qa6 Bg5 26. Qxa5 c6 27. Qc3 Kg7 28. Qd3 Qb8 29. Qg3 Bf4 30. Qb3 Qc8 31. h3 h5 32. Qd3 Bc1 33. b3 Qb8 34. g3 Qc8 35. Kg2 Qe6 36. a4 Qe1 37. h4 Bd2 38. Bd6 Kh7 39. Bc5 Kg7 40. Bb6 Bb4 41. Bc7 c5 42. Bf4 1-0